000
00266nam a2200121Ia 4500
100
_a
Monday/ c.
942
_c
BK
654
_a
Lathe
245
_a
Center lathe work.
260
_b
MAchinerys Standard Reference Series
_c
2001
082
_a
621.942
546
_a
ENGLISH
999
_c
23273
_d
23273